000 00924nam a2200229 a 4500
001 000044294
005 20201002045255.0
008 140613s2001 dr a 000 0 spa d
040 _aDO-SdBNP
_bspa
_cBNPHU
082 _a155.42
_aR712p
100 1 _aRosario, Lucila de
_972295
245 1 0 _aPrograma de psicología :
_bpara niños y niñas de 7 a 12 años de edad /
_cLucila de Rosario.
250 _a2a ed.
260 _aSanto Domingo :
_bInstituto Dominicano de Seguro Social,
_c2001.
300 _av. :
_bil. retrs. ;
_c27 cm.
500 _aA la cabeza del título Crecimiento socio alegre
505 1 _av.3 :
_tFormando super bebe
_tDesarrollo de la personalidad y técnicasde juegos
650 4 _aPsicología infantil
_xEnseñanza
_vPROGRAMA
_972296
650 4 _aEstimulación temprana
_xEnseñanza
_vPROGRAMA
_972297
650 4 _aDesarrollo infantil
_vPROGRAMA
_972298
650 4 _aEducación de niños
_vPROGRAMA
_972299
999 _c43783
_d43783